[Event "13th Rochefort Tournament - Masters 2014"]
[Site "Palais des Congres Rochefort"]
[Date "2014.02.22"]
[Round "3.8"]
[White "Dumitrache, Dragos-Nicolae"]
[Black "Raghavi, N."]
[Result "1/2-1/2"]
[WhiteElo "2453"]
[BlackElo "2213"]
[PlyCount "90"]

1. d4 Nf6 2. c4 e6 3. Nc3 Bb4 4. e3 c5 5. Bd3 Nc6 6. Nf3 Bxc3+ 7. bxc3 d6 8.
O-O e5 9. Qc2 O-O 10. d5 Ne7 11. Nh4 Ng6 12. Nxg6 fxg6 13. f3 Qa5 14. Bd2 Bd7
15. g4 Rae8 16. e4 Ba4 17. Qb2 Qa6 18. Rab1 Rb8 19. h3 Nd7 20. Be3 Nb6 21. f4
Nd7 22. f5 Qb6 23. Qxb6 Nxb6 24. Rf2 Rf7 25. Rbf1 Rbf8 26. Bg5 Nc8 27. h4 h6
28. Bd2 Be8 29. Rg2 Ne7 30. Rb1 b6 31. a4 Kh7 32. Bc2 Nc8 33. Rf1 Ne7 34. Rgf2
Nc8 35. Bd1 Kg8 36. Be3 Kh7 37. fxg6+ Kxg6 38. h5+ Kh7 39. g5 Rxf2 40. g6+ Kg8
41. Bxf2 Ne7 42. Kg2 Rf6 43. Re1 Kf8 44. Bh4 Rf4 45. Bg3 Rf6 1/2-1/2

[Event "13th Rochefort Tournament - Masters 2014"]
[Site "Palais des Congres Rochefort"]
[Date "2014.02.22"]
[Round "3.9"]
[White "Messina, Roberta"]
[Black "Solodovnichenko, Yuri"]
[Result "0-1"]
[WhiteElo "2075"]
[BlackElo "2586"]
[PlyCount "138"]

1. Nf3 d6 2. e4 Nf6 3. d3 g6 4. Qe2 Bg7 5. c3 O-O 6. g3 e5 7. Bg2 Re8 8. O-O
Nbd7 9. Re1 b6 10. a4 a5 11. Nbd2 Nc5 12. Ra3 Ba6 13. c4 Qd7 14. b3 Rad8 15.
Nb1 d5 16. exd5 Nxd3 17. Qxd3 e4 18. Qd1 exf3 19. Bxf3 Rxe1+ 20. Qxe1 Qf5 21.
Nd2 Re8 22. Qd1 Bf8 23. Ra2 Bc8 24. Nf1 Ne4 25. Ne3 Qf6 26. Bb2 Nc3 27. Qd3 Bg7
28. Nd1 Bh3 29. Bxc3 Qxc3 30. Qxc3 Bxc3 31. Re2 Rxe2 32. Bxe2 Bd4 33. Ne3 h5
34. Bf1 Bd7 35. Bd3 Kf8 36. Kf1 Ke7 37. Ke2 Kd6 38. Nc2 Bc3 39. Be4 Kc5 40. Kd3
Bg7 41. Ke3 Bb2 42. Kd3 Bh3 43. Ne1 Bf1+ 44. Kc2 Bd4 45. Bd3 Bh3 46. Be4 Bg7
47. Nf3 Bf6 48. Ng1 Bg4 49. f3 Bd7 50. Ne2 Be5 51. Bd3 Bh3 52. Nc3 f5 53. f4
Bd4 54. Nb5 Bg1 55. Nxc7 Bxh2 56. Ne8 Bxg3 57. d6 Bxf4 58. d7 Bg5 59. Nc7 Kd6
60. Nd5 Kxd7 61. Nxb6+ Kc6 62. Nd5 Bg2 63. b4 axb4 64. a5 Bxd5 65. cxd5+ Kxd5
66. a6 Be3 67. Bf1 g5 68. Kd3 Ba7 69. Bg2+ Ke5 0-1

[Event "13th Rochefort Tournament - Masters 2014"]
[Site "Palais des Congres Rochefort"]
[Date "2014.02.22"]
[Round "3.10"]
[White "Lalic, Bogdan"]
[Black "Brunello, Marina"]
[Result "1/2-1/2"]
[WhiteElo "2489"]
[BlackElo "2261"]
[PlyCount "39"]

1. d4 d5 2. c4 c6 3. Nf3 Nf6 4. Nc3 e6 5. e3 Nbd7 6. Bd3 dxc4 7. Bxc4 b5 8. Bd3
a6 9. e4 c5 10. d5 Bb7 11. O-O Qc7 12. dxe6 fxe6 13. Bc2 c4 14. Ng5 Nc5 15. e5
Qxe5 16. Re1 Qd6 17. Qxd6 Bxd6 18. Be3 O-O 19. Bxc5 Bxc5 20. Nxe6 1/2-1/2

[Event "13th Rochefort Tournament - Masters 2014"]
[Site "Palais des Congres Rochefort"]
[Date "2014.02.22"]
[Round "4.1"]
[White "Loiseau, Quentin"]
[Black "Colin, Vincent"]
[Result "0-1"]
[WhiteElo "2394"]
[BlackElo "2412"]
[PlyCount "55"]

1. d4 Nf6 2. c4 g6 3. Nc3 Bg7 4. e4 d6 5. Nf3 O-O 6. Be2 Nbd7 7. O-O e5 8. Be3
Qe7 9. Qc2 c6 10. h3 exd4 11. Bxd4 Re8 12. Rfe1 Ne5 13. Be3 Nxf3+ 14. Bxf3 Nd7
15. Rad1 Be5 16. Be2 Nc5 17. Bf1 Qf6 18. g3 h5 19. Bg2 g5 20. Rf1 g4 21. f4
Bxc3 22. e5 Bxe5 23. fxe5 Qxe5 24. Bf4 Qg7 25. Bxd6 gxh3 26. Bf3 Ne6 27. Bxh5
Ng5 28. Bc7 0-1

[Event "13th Rochefort Tournament - Masters 2014"]
[Site "Palais des Congres Rochefort"]
[Date "2014.02.22"]
[Round "4.2"]
[White "Marholev, Dimitar"]
[Black "Ider, Borya"]
[Result "1/2-1/2"]
[WhiteElo "2315"]
[BlackElo "2378"]
[PlyCount "124"]

1. e4 e6 2. d4 d5 3. Nd2 c5 4. exd5 Qxd5 5. Ngf3 cxd4 6. Bc4 Qd6 7. O-O Nf6 8.
Nb3 Nc6 9. Qe2 Be7 10. Bg5 e5 11. Bb5 Bg4 12. Qxe5 Bxf3 13. Qxd6 Bxd6 14. Rfe1+
Kf8 15. gxf3 h6 16. Bxf6 gxf6 17. Bxc6 bxc6 18. Nxd4 Rg8+ 19. Kh1 Rg5 20. Rad1
Bc5 21. c3 Rc8 22. Rd2 Rd5 23. Red1 Bb6 24. f4 Rh5 25. Kg2 Kg7 26. Ne2 Re8 27.
Ng3 Ra5 28. h3 Rc5 29. c4 Ra5 30. Kf3 Re6 31. Rc2 Kf8 32. Rd3 Re1 33. b4 Ra4
34. c5 Bc7 35. a3 a5 36. Rb2 Rc1 37. Rd7 Rxa3+ 38. Kg4 Bxf4 39. Kxf4 Rc4+ 40.
Ne4 axb4 41. Rd8+ Ke7 42. Rb8 Rxh3 43. f3 f5 44. Rb7+ Kf8 45. Kxf5 Rxf3+ 46.
Ke5 Re3 47. Kd6 Rexe4 48. Kxc6 Re5 49. Rb5 h5 50. Kd6 Rf5 51. Rb8+ Kg7 52. Rg2+
Kh7 53. Rb5 h4 54. Rb2 Kg6 55. Rg2+ Kf6 56. Rb2 Kg6 57. Kc6 h3 58. Kb6 Rf6+ 59.
Kb7 Rf5 60. Rb6+ Kh5 61. c6 Rfc5 62. Rb3 Kh4 1/2-1/2

[Event "13th Rochefort Tournament - Masters 2014"]
[Site "Palais des Congres Rochefort"]
[Date "2014.02.22"]
[Round "4.3"]
[White "Solodovnichenko, Yuri"]
[Black "Panbukchian, Valentin"]
[Result "1-0"]
[WhiteElo "2586"]
[BlackElo "2309"]
[PlyCount "87"]

1. e4 d5 2. exd5 Qxd5 3. Nc3 Qd6 4. d4 Nf6 5. Nf3 a6 6. g3 b5 7. Bg2 Bb7 8. O-O
e6 9. Ne5 Bxg2 10. Kxg2 b4 11. Qf3 c6 12. Bf4 bxc3 13. Nxf7 Qd5 14. Nxh8 Bb4
15. Bxb8 Rxb8 16. bxc3 Bxc3 17. Rab1 Rd8 18. Rb7 Nd7 19. Rd1 Qxf3+ 20. Kxf3 a5
21. Rc7 Ke7 22. Rxc6 Bb4 23. c3 Bd6 24. c4 Rxh8 25. c5 Bb8 26. Re1 e5 27. d5
Kf7 28. Rb1 Rd8 29. Rb7 Kf8 30. a4 e4+ 31. Kxe4 Nf6+ 32. Rxf6+ gxf6 33. d6 Bxd6
34. cxd6 Rxd6 35. Rxh7 Rd2 36. f4 Ra2 37. Kf5 Rxa4 38. Kxf6 Ke8 39. Ra7 Kd8 40.
h4 Kc8 41. h5 Kb8 42. Rg7 Ra1 43. h6 Rh1 44. h7 1-0

[Event "13th Rochefort Tournament - Masters 2014"]
[Site "Palais des Congres Rochefort"]
[Date "2014.02.22"]
[Round "4.4"]
[White "Antoli Royo, Joaquin Miguel"]
[Black "Bachmann, Axel"]
[Result "0-1"]
[WhiteElo "2413"]
[BlackElo "2577"]
[PlyCount "48"]

1. e4 e5 2. Nf3 Nc6 3. Bb5 a6 4. Ba4 Nf6 5. O-O b5 6. Bb3 Bc5 7. a4 Bb7 8. d3
d6 9. Nc3 b4 10. Nd5 Na5 11. Ba2 Nxd5 12. Bxd5 Bxd5 13. exd5 O-O 14. d4 exd4
15. c3 Qf6 16. Qd3 Qg6 17. Rd1 Qh5 18. Ng5 Rfe8 19. Bf4 Bb6 20. Re1 f6 21. Nf3
Qxd5 22. Rxe8+ Rxe8 23. Bd2 Bc5 24. Qxa6 d3 0-1

[Event "13th Rochefort Tournament - Masters 2014"]
[Site "Palais des Congres Rochefort"]
[Date "2014.02.22"]
[Round "4.5"]
[White "Lagarde, Maxime"]
[Black "Saada, Julien"]
[Result "0-1"]
[WhiteElo "2514"]
[BlackElo "2355"]
[PlyCount "83"]

1. c4 e6 2. g3 d5 3. Bg2 Nf6 4. Nf3 dxc4 5. Qa4+ Nbd7 6. Qxc4 c5 7. Qc2 b6 8.
b3 Bb7 9. Bb2 Be7 10. d3 O-O 11. e4 Rc8 12. O-O b5 13. Nc3 Qb6 14. Qe2 Rfd8 15.
Rad1 Nb8 16. e5 Nd5 17. Ne4 Nc6 18. Nfg5 h6 19. Nh3 Nd4 20. Qg4 Qc7 21. Rfe1
Bc6 22. Nxc5 Bxc5 23. Bxd4 Bxd4 24. Qxd4 Qa5 25. Bxd5 Bxd5 26. Qg4 Ba8 27. Qe2
Rc3 28. Nf4 Qc7 29. d4 Bf3 30. Qxb5 Bxd1 31. Rxd1 Rc1 32. Rxc1 Qxc1+ 33. Kg2
Qc2 34. Ne2 Qxa2 35. d5 exd5 36. Nd4 Qb1 37. Nc6 Qe4+ 38. f3 Qc2+ 39. Kg1 Qd1+
40. Kg2 Re8 41. Nd4 Rc8 42. e6 0-1

[Event "13th Rochefort Tournament - Masters 2014"]
[Site "Palais des Congres Rochefort"]
[Date "2014.02.22"]
[Round "4.6"]
[White "Kambrath, Yannick"]
[Black "Vishnu Prasanna. V"]
[Result "1-0"]
[WhiteElo "2293"]
[BlackElo "2468"]
[PlyCount "72"]

1. d4 Nf6 2. c4 d6 3. Nc3 Bf5 4. Bg5 Nbd7 5. e3 h6 6. Bh4 e5 7. Bd3 Bxd3 8.
Qxd3 Be7 9. Nf3 O-O 10. O-O c6 11. Rfd1 Qc7 12. Rac1 Rfe8 13. Qc2 Nf8 14. Bg3
Ng6 15. c5 dxc5 16. dxe5 Nh5 17. e6 Nxg3 18. exf7+ Kxf7 19. hxg3 Nf8 20. Qb3+
Kg6 21. Qc2+ Kf7 22. Na4 b6 23. Qc4+ Kg6 24. Qd3+ Kf7 25. Qb3+ Kg6 26. Qc2+ Kf7
27. b4 Kg8 28. bxc5 b5 29. Nb2 Bf6 30. Nd3 Ne6 31. Nf4 Nxf4 32. gxf4 a5 33. Qf5
Qc8 34. Qg6 a4 35. Rd6 Re6 36. Ne5 Rxd6 1-0

[Event "13th Rochefort Tournament - Masters 2014"]
[Site "Palais des Congres Rochefort"]
[Date "2014.02.22"]
[Round "4.7"]
[White "Milchev, Nikolay"]
[Black "Manea, Alexandru"]
[Result "0-1"]
[WhiteElo "2465"]
[BlackElo "2385"]
[PlyCount "108"]

1. Nf3 Nf6 2. g3 d5 3. Bg2 c5 4. c4 e6 5. O-O Nc6 6. cxd5 exd5 7. d4 Be6 8. b3
Be7 9. dxc5 Bxc5 10. Bb2 O-O 11. Nc3 Rc8 12. Rc1 Qe7 13. Nb5 Ne4 14. Nfd4 Bd7
15. e3 Rfd8 16. Qe2 Nxd4 17. exd4 Nxg3 18. Qxe7 Bxe7 19. hxg3 Bxb5 20. Rxc8
Rxc8 21. Re1 Bf8 22. Bxd5 Rc2 23. Rb1 Bc6 24. Bxc6 bxc6 25. a4 f5 26. Bc1 Kf7
27. Be3 a5 28. Kf1 Bb4 29. Rc1 Rxc1+ 30. Bxc1 Ke6 31. Ke2 Kd5 32. Kd3 Be1 33.
Be3 h5 34. Ke2 Bc3 35. Kd3 Be1 36. Ke2 Bb4 37. Kd3 g6 38. Ke2 Ke4 39. f3+ Kd5
40. Kd3 Be1 41. Bf4 g5 42. Bxg5 Bxg3 43. Bd2 h4 44. Ke2 h3 45. Kf1 Kxd4 46.
Bxa5 Ke3 47. Bb6+ Kxf3 48. Kg1 Ke2 49. b4 f4 50. Bc7 Bf2+ 51. Kh2 f3 52. Kxh3
Be1 53. Bb6 Bxb4 54. Kg4 c5 0-1

[Event "13th Rochefort Tournament - Masters 2014"]
[Site "Palais des Congres Rochefort"]
[Date "2014.02.22"]
[Round "4.8"]
[White "Lemeaux, David"]
[Black "Kozhuharov, Spas"]
[Result "0-1"]
[WhiteElo "2276"]
[BlackElo "2463"]
[PlyCount "68"]

1. d4 Nf6 2. c4 g6 3. g3 c6 4. Nf3 Bg7 5. Bg2 d5 6. cxd5 cxd5 7. Nc3 O-O 8. O-O
Ne4 9. Qb3 Nxc3 10. Qxc3 Nc6 11. Be3 Bg4 12. Qd2 Bxf3 13. Bxf3 e6 14. Rac1 Qb6
15. Rc5 Rfe8 16. Qd3 Qxb2 17. Rb1 Qxa2 18. Rxb7 Qa4 19. Qb1 Qa6 20. Kg2 Rec8
21. Rc2 Na5 22. Rb4 Rxc2 23. Qxc2 Nc6 24. Ra4 Qb6 25. Qc5 Qxc5 26. dxc5 a5 27.
Bf4 f5 28. Bc7 Bf6 29. e4 fxe4 30. Be2 Bc3 31. Bb5 Nd4 32. Bf1 Bb4 33. Bb6 Kf7
34. Bxa5 Bxc5 0-1

[Event "13th Rochefort Tournament - Masters 2014"]
[Site "Palais des Congres Rochefort"]
[Date "2014.02.22"]
[Round "4.9"]
[White "Barbosa, Evandro Amorim"]
[Black "Ippolito, Manuel"]
[Result "1-0"]
[WhiteElo "2459"]
[BlackElo "2278"]
[PlyCount "41"]

1. e4 g6 2. d4 Bg7 3. Nc3 c5 4. Nf3 cxd4 5. Nxd4 Nc6 6. Be3 Nf6 7. Bc4 O-O 8.
Bb3 d6 9. f3 Bd7 10. Qd2 Qa5 11. O-O-O Rfc8 12. Kb1 Ne5 13. h4 b5 14. Ncxb5
Qxd2 15. Bxd2 Rab8 16. Nc3 a5 17. a4 Nc4 18. Bc1 Be8 19. Rhe1 Nb6 20. e5 Nfd7
21. exd6 1-0

[Event "13th Rochefort Tournament - Masters 2014"]
[Site "Palais des Congres Rochefort"]
[Date "2014.02.22"]
[Round "4.13"]
[White "Demuth, Adrien"]
[Black "Lalic, Bogdan"]
[Result "1/2-1/2"]
[WhiteElo "2478"]
[BlackElo "2489"]
[PlyCount "23"]

1. d4 Nf6 2. c4 e6 3. Nc3 Bb4 4. Qc2 d5 5. a3 Bxc3+ 6. Qxc3 Ne4 7. Qc2 c5 8.
dxc5 Nc6 9. e3 Qa5+ 10. Bd2 Nxd2 11. Qxd2 dxc4 12. Bxc4 1/2-1/2

[Event "13th Rochefort Tournament - Masters 2014"]
[Site "Palais des Congres Rochefort"]
[Date "2014.02.22"]
[Round "7.2"]
[White "Colin, Vincent"]
[Black "Saada, Julien"]
[Result "1-0"]
[WhiteElo "2412"]
[BlackElo "2355"]
[PlyCount "71"]

1. e4 c6 2. d4 d5 3. f3 dxe4 4. fxe4 e5 5. Nf3 Bg4 6. Bc4 Nd7 7. c3 Bh5 8. O-O
Ngf6 9. Bg5 Qb6 10. Nbd2 O-O-O 11. Kh1 h6 12. Be3 Qxb2 13. Rc1 exd4 14. cxd4
Bb4 15. Rb1 Qa3 16. Rb3 Qa4 17. Qb1 Bxd2 18. Nxd2 Nb6 19. Rb4 Qa3 20. Bd3 Nfd7
21. Rc1 Be2 22. Rb3 Bxd3 23. Rxd3 Qa6 24. Bf4 g5 25. Bg3 f5 26. exf5 Nf6 27.
Rcc3 Rd5 28. Ra3 Rb5 29. Qe1 Ra5 30. Qe6+ Nbd7 31. Rxa5 Qxa5 32. Nc4 Qa6 33.
Nd6+ Kd8 34. Rd1 Rf8 35. Re1 Nd5 36. Nf7+ 1-0

[Event "13th Rochefort Tournament - Masters 2014"]
[Site "Palais des Congres Rochefort"]
[Date "2014.02.22"]
[Round "7.3"]
[White "Lagarde, Maxime"]
[Black "Barbosa, Evandro Amorim"]
[Result "1/2-1/2"]
[WhiteElo "2514"]
[BlackElo "2459"]
[PlyCount "40"]

1. d4 Nf6 2. c4 g6 3. Nc3 d5 4. cxd5 Nxd5 5. Bd2 Bg7 6. e4 Nxc3 7. Bxc3 O-O 8.
Qd2 c5 9. d5 Bxc3 10. Qxc3 Qd6 11. f4 e6 12. Bc4 b5 13. Bxb5 exd5 14. exd5 Nd7
15. Bxd7 Bxd7 16. Nf3 Bb5 17. Kf2 Rad8 18. Rad1 Rfe8 19. Rhe1 f6 20. g3 Rxe1
1/2-1/2

2-1/2

[Event "13th Rochefort Tournament - Masters 2014"]
[Site "Palais des Congres Rochefort"]
[Date "2014.02.22"]
[Round "7.4"]
[White "Kozhuharov, Spas"]
[Black "Ider, Borya"]
[Result "1-0"]
[WhiteElo "2463"]
[BlackElo "2378"]
[PlyCount "79"]

1. d4 e6 2. Nf3 Nf6 3. c4 d5 4. Nc3 Nbd7 5. cxd5 exd5 6. Bg5 c6 7. e3 Be7 8.
Bd3 O-O 9. O-O Re8 10. Qc2 Nf8 11. h3 Ng6 12. Bxf6 Bxf6 13. b4 b6 14. Rfd1 Bb7
15. Rac1 Rc8 16. Bf5 Ra8 17. b5 Nf8 18. a4 g6 19. bxc6 Bxc6 20. Bd3 Ne6 21. Bb5
Rc8 22. Qb3 Bxb5 23. axb5 Nc7 24. Ra1 Ra8 25. Ra2 Qd6 26. Rda1 Rec8 27. g3 Be7
28. Ra4 h5 29. h4 Kg7 30. Kg2 Kg8 31. Rxa7 Rxa7 32. Rxa7 Qb4 33. Qxb4 Bxb4 34.
Rxc7 Rxc7 35. Nxd5 Rc1 36. Nxb4 Rb1 37. Nc6 Rxb5 38. d5 Kf8 39. e4 f5 40. Nfd4
1-0

[Event "13th Rochefort Tournament - Masters 2014"]
[Site "Palais des Congres Rochefort"]
[Date "2014.02.22"]
[Round "7.5"]
[White "Manea, Alexandru"]
[Black "Santiago, Yago De Moura"]
[Result "1-0"]
[WhiteElo "2385"]
[BlackElo "2451"]
[PlyCount "91"]

1. d4 e6 2. Nf3 Nf6 3. c4 Bb4+ 4. Nc3 c5 5. e3 O-O 6. Bd3 d5 7. O-O Nbd7 8. a3
Bxc3 9. bxc3 dxc4 10. Bxc4 b6 11. Bb2 Bb7 12. Ba2 Qc7 13. h3 Rfe8 14. c4 Be4
15. Qe2 Qb7 16. Rfe1 Rac8 17. Rac1 h6 18. Red1 Rc7 19. Ne1 Qc8 20. d5 Qa6 21.
dxe6 Rxe6 22. Nd3 Bxd3 23. Rxd3 Rc8 24. Rcd1 Qb7 25. Bb1 Rce8 26. Qc2 Nf8 27.
Rd8 Qe7 28. Rxe8 Nxe8 29. Rd5 Nc7 30. Rd2 Rd6 31. Qc3 Nce6 32. Rxd6 Qxd6 33.
Qd3 Qxd3 34. Bxd3 f6 35. f4 Kf7 36. Kf2 Nd7 37. Kf3 Nc7 38. g4 b5 39. cxb5 Nb6
40. Ke4 c4 41. Bc2 Nxb5 42. a4 Nd6+ 43. Kd4 Nb7 44. Bc3 a5 45. Be4 Nd6 46. Bc6
1-0

[Event "13th Rochefort Tournament - Masters 2014"]
[Site "Palais des Congres Rochefort"]
[Date "2014.02.22"]
[Round "7.6"]
[White "Panbukchian, Valentin"]
[Black "Antoli Royo, Joaquin Miguel"]
[Result "1-0"]
[WhiteElo "2309"]
[BlackElo "2413"]
[PlyCount "81"]

1. f4 c5 2. Nf3 Nc6 3. g3 d6 4. d3 g6 5. Bg2 e5 6. Nc3 Bg7 7. O-O Nge7 8. e4
O-O 9. Kh1 Nd4 10. Be3 Bd7 11. Qd2 Bc6 12. Rf2 exf4 13. Bxf4 d5 14. Ne5 Ne6 15.
Nxc6 bxc6 16. Bh6 Qd6 17. Raf1 Rad8 18. Bh3 Qe5 19. Bxg7 Kxg7 20. Bxe6 Qxe6 21.
Na4 c4 22. Qc3+ d4 23. Qxc4 Qxc4 24. dxc4 Nc8 25. Nc5 Kg8 26. b3 h5 27. Kg2 Nd6
28. Rd1 Ne8 29. Rfd2 Nf6 30. Rxd4 Rde8 31. Kf3 Re5 32. b4 Rfe8 33. Rd8 Kg7 34.
Rxe8 Rxe8 35. h3 g5 36. Ke3 Ng8 37. Rd7 Ne7 38. Kd4 Ng6 39. Rxa7 h4 40. gxh4
gxh4 41. Nd3 1-0

[Event "13th Rochefort Tournament - Masters 2014"]
[Site "Palais des Congres Rochefort"]
[Date "2014.02.22"]
[Round "7.7"]
[White "Lalic, Bogdan"]
[Black "Milchev, Nikolay"]
[Result "1/2-1/2"]
[WhiteElo "2489"]
[BlackElo "2465"]
[PlyCount "27"]

1. d4 d5 2. c4 c6 3. Nc3 Nf6 4. cxd5 cxd5 5. Bf4 Nc6 6. e3 a6 7. Bd3 Bg4 8. f3
Be6 9. Qb3 Na5 10. Qa4+ Nc6 11. Qb3 Na5 12. Qa4+ Nc6 13. Qb3 Na5 14. Qa4+
1/2-1/2

[Event "13th Rochefort Tournament - Masters 2014"]
[Site "Palais des Congres Rochefort"]
[Date "2014.02.22"]
[Round "7.8"]
[White "Mateo, Ramon"]
[Black "Demuth, Adrien"]
[Result "0-1"]
[WhiteElo "2413"]
[BlackElo "2478"]
[PlyCount "62"]

1. e4 e5 2. Nf3 Nc6 3. Bb5 a6 4. Ba4 d6 5. Bxc6+ bxc6 6. d4 f6 7. h3 Ne7 8. Nc3
Ng6 9. Be3 Be7 10. Qd3 a5 11. h4 exd4 12. Nxd4 Ne5 13. Qe2 Ba6 14. Qh5+ g6 15.
Qh6 Qb8 16. O-O-O Bc4 17. h5 Kf7 18. Qf4 Qb7 19. hxg6+ hxg6 20. Qg3 Ba6 21. f4
Nc4 22. Nb3 Bb5 23. a4 Bxa4 24. Nxa4 Qb5 25. e5 Qxa4 26. Bd4 c5 27. exd6 cxd4
28. dxe7 Qa2 29. Rde1 Qxb2+ 30. Kd1 Qb1+ 31. Nc1 Ne3+ 0-1

[Event "13th Rochefort Tournament - Masters 2014"]
[Site "Palais des Congres Rochefort"]
[Date "2014.02.22"]
[Round "7.9"]
[White "Vishnu Prasanna. V"]
[Black "Lemeaux, David"]
[Result "1-0"]
[WhiteElo "2468"]
[BlackElo "2276"]
[PlyCount "83"]

1. e4 c5 2. Nf3 e6 3. d4 cxd4 4. Nxd4 Nc6 5. Nc3 Qc7 6. Be3 a6 7. Qd2 Nf6 8. f4
Bb4 9. Bd3 d5 10. e5 Nd7 11. O-O Nc5 12. a3 Bxc3 13. Qxc3 Nxd3 14. cxd3 Bd7 15.
Rac1 O-O 16. Qd2 f6 17. exf6 Rxf6 18. Nxc6 Bxc6 19. Bd4 Rf7 20. Qe3 Re8 21. Rf3
Qb8 22. Rcf1 Bd7 23. Rg3 Qd6 24. Rg5 Rc8 25. h3 Be8 26. Re1 Bd7 27. Qg3 g6 28.
Rf1 Be8 29. h4 Rfc7 30. Qe3 Rc2 31. h5 Kf8 32. Re5 Bf7 33. Re1 Ke8 34. f5 gxf5
35. Rxf5 Bg8 36. Rg5 Kd7 37. Be5 Qc5 38. Qxc5 R2xc5 39. Rg7+ Kc6 40. d4 Rc2 41.
Re3 Rc1+ 42. Kh2 1-0

[Event "13th Rochefort Tournament - Masters 2014"]
[Site "Palais des Congres Rochefort"]
[Date "2014.02.22"]
[Round "7.10"]
[White "Marholev, Dimitar"]
[Black "Brunello, Marina"]
[Result "1/2-1/2"]
[WhiteElo "2315"]
[BlackElo "2261"]
[PlyCount "68"]

1. Nf3 d5 2. c4 c6 3. g3 Nf6 4. Bg2 Bf5 5. cxd5 cxd5 6. Qb3 Qb6 7. Qxb6 axb6 8.
Nc3 Nc6 9. d3 e5 10. O-O Be7 11. Nxd5 Nxd5 12. e4 Be6 13. exd5 Bxd5 14. a3 O-O
15. Re1 Bd6 16. Be3 b5 17. Nd2 Bxg2 18. Kxg2 Rfd8 19. Nb3 Be7 20. Red1 Rd5 21.
Kf3 f5 22. Ke2 Kf7 23. f3 Ra4 24. Rdc1 Ra8 25. Nc5 Bxc5 26. Rxc5 Rad8 27. Rxd5
Rxd5 28. Rc1 Ke6 29. g4 f4 30. Bf2 Kd7 31. Kd2 Nd8 32. h4 Ne6 33. Ba7 Nd8 34.
Bb6 Nc6 1/2-1/2

[Event "13th Rochefort Tournament - Masters 2014"]
[Site "Palais des Congres Rochefort"]
[Date "2014.02.22"]
[Round "7.14"]
[White "Raghavi, N."]
[Black "Rudolf, Anna"]
[Result "1/2-1/2"]
[WhiteElo "2213"]
[BlackElo "2297"]
[PlyCount "33"]

1. e4 e6 2. d4 d5 3. Nd2 Be7 4. c3 c5 5. dxc5 Bxc5 6. Bd3 Nc6 7. Ngf3 Nf6 8.
Qe2 Qb6 9. O-O Bd7 10. b4 Bd6 11. exd5 Nxd5 12. Ne4 Bf4 13. g3 Bxc1 14. Raxc1
O-O 15. Nc5 Rad8 16. a3 Bc8 17. Rfd1 1/2-1/2

[Event "13th Rochefort Tournament - Masters 2014"]
[Site "Palais des Congres Rochefort"]
[Date "2014.02.22"]
[Round "6.1"]
[White "Bachmann, Axel"]
[Black "Colin, Vincent"]
[Result "1-0"]
[WhiteElo "2577"]
[BlackElo "2412"]
[PlyCount "137"]

1. d4 Nf6 2. c4 g6 3. Nc3 Bg7 4. e4 d6 5. Nf3 O-O 6. h3 e5 7. d5 a5 8. Be3 Na6
9. g4 Nd7 10. a3 Nac5 11. Qc2 f5 12. gxf5 gxf5 13. O-O-O f4 14. Bxc5 Nxc5 15.
Be2 Kh8 16. Rdg1 Bf6 17. Ne1 c6 18. Kb1 Bd7 19. Nd3 Qb6 20. Nxc5 Qxc5 21. Bg4
Be8 22. dxc6 bxc6 23. Na4 Qa7 24. Rd1 Rd8 25. Rhg1 Bg6 26. Bf3 Rg8 27. Qe2 Bh4
28. c5 dxc5 29. Rxd8 Rxd8 30. Bh5 Bxh5 31. Qxh5 Qe7 32. Qe2 Qd6 33. Qg4 Qg6 34.
f3 Qxg4 35. Rxg4 Bf2 36. Rg5 Rd3 37. Rxe5 Rxf3 38. Nxc5 Kg7 39. Rf5 Kg6 40. Nd7
Bd4 41. Nf8+ Kh6 42. Ne6 Be3 43. e5 Rf1+ 44. Kc2 f3 45. Rf6+ Kh5 46. Nf4+ Kg5
47. Nd3 f2 48. Rf3 Re1 49. e6 Bd4 50. Rxf2 Rxe6 51. Rf4 Bf6 52. Rg4+ Kf5 53.
Ra4 Re3 54. Rxa5+ Ke4 55. Nf2+ Kf4 56. Ng4 Bd8 57. Rh5 Re2+ 58. Kc3 Bg5 59.
Rxh7 Ke4 60. b4 Rg2 61. a4 c5 62. bxc5 Bf4 63. c6 Kd5 64. c7 Rg1 65. Rh5+ Ke4
66. Nf6+ Kf3 67. Rf5 Rc1+ 68. Kb2 Rxc7 69. Rxf4+ 1-0

[Event "13th Rochefort Tournament - Masters 2014"]
[Site "Palais des Congres Rochefort"]
[Date "2014.02.22"]
[Round "6.2"]
[White "Saada, Julien"]
[Black "Solodovnichenko, Yuri"]
[Result "1/2-1/2"]
[WhiteElo "2355"]
[BlackElo "2586"]
[PlyCount "51"]

1. d4 Nf6 2. Nf3 g6 3. Nc3 d5 4. Bf4 Bg7 5. e3 O-O 6. Be2 c5 7. O-O cxd4 8.
exd4 Nc6 9. Ne5 Qb6 10. Nxc6 Qxc6 11. Re1 Be6 12. Be5 Rac8 13. Bd3 Bh6 14. Ne2
Qb6 15. Qb1 Nh5 16. c3 f6 17. Bg3 Bf7 18. a4 Nxg3 19. Nxg3 Qd6 20. Qd1 Rfe8 21.
Qg4 Kh8 22. Qh3 Bg7 23. Nf5 gxf5 24. Bxf5 h6 25. Bxc8 e6 26. Bxb7 1/2-1/2

[Event "13th Rochefort Tournament - Masters 2014"]
[Site "Palais des Congres Rochefort"]
[Date "2014.02.22"]
[Round "6.3"]
[White "Barbosa, Evandro Amorim"]
[Black "Kozhuharov, Spas"]
[Result "1-0"]
[WhiteElo "2459"]
[BlackElo "2463"]
[PlyCount "59"]

1. e4 c6 2. d4 d5 3. e5 c5 4. dxc5 e6 5. Nf3 Bxc5 6. a3 Nc6 7. b4 Bb6 8. Bb2
Nh6 9. Bd3 a5 10. b5 Nb8 11. a4 Nd7 12. O-O Nc5 13. Be2 Nf5 14. c4 O-O 15. Nbd2
h6 16. Ba3 Re8 17. Rc1 d4 18. Re1 Qc7 19. Bf1 Rd8 20. Ne4 Ne7 21. h4 d3 22. Rc3
d2 23. Nexd2 Nf5 24. Qc2 Bd7 25. Ne4 Rac8 26. Rd1 Be8 27. Nxc5 Rxd1 28. Qxd1
Bxc5 29. Bxc5 Qxc5 30. g4 {....} 1-0

[Event "13th Rochefort Tournament - Masters 2014"]
[Site "Palais des Congres Rochefort"]
[Date "2014.02.22"]
[Round "6.5"]
[White "Demuth, Adrien"]
[Black "Manea, Alexandru"]
[Result "1/2-1/2"]
[WhiteElo "2478"]
[BlackElo "2385"]
[PlyCount "41"]

1. d4 d5 2. c4 c6 3. Nf3 Nf6 4. Nbd2 Bf5 5. Nh4 Bc8 6. Nhf3 Bf5 7. Nh4 Bc8 8.
e3 g6 9. Be2 Bg7 10. O-O O-O 11. Nhf3 Bg4 12. b3 Nbd7 13. Bb2 Re8 14. h3 Bxf3
15. Nxf3 e6 16. Qc2 Ne4 17. Rad1 a6 18. Nd2 Nxd2 19. Rxd2 f5 20. Bf3 Nf6 21.
Re1 1/2-1/2

[Event "13th Rochefort Tournament - Masters 2014"]
[Site "Palais des Congres Rochefort"]
[Date "2014.02.22"]
[Round "6.6"]
[White "Lagarde, Maxime"]
[Black "Loiseau, Quentin"]
[Result "1-0"]
[WhiteElo "2514"]
[BlackElo "2394"]
[PlyCount "59"]

1. c4 c6 2. e4 d5 3. exd5 cxd5 4. cxd5 Nf6 5. Nc3 Nxd5 6. Nf3 Nc6 7. Bb5 e6 8.
O-O Be7 9. d4 O-O 10. Re1 Qd6 11. a3 Bd7 12. Ba4 Rfd8 13. Bc2 Be8 14. Qd3 g6
15. Bh6 Nf6 16. Rad1 Rac8 17. h3 a6 18. Bb3 b5 19. d5 Na5 20. Ba2 Qb6 21. Qe2
Nc4 22. Ne5 Bc5 23. Nxc4 bxc4 24. dxe6 Rxd1 25. Nxd1 Qxe6 26. Qxe6 fxe6 27.
Rxe6 Bd4 28. Be3 Bxe3 29. Nxe3 Kg7 30. Bxc4 1-0

[Event "13th Rochefort Tournament - Masters 2014"]
[Site "Palais des Congres Rochefort"]
[Date "2014.02.22"]
[Round "6.7"]
[White "Kambrath, Yannick"]
[Black "Lalic, Bogdan"]
[Result "1/2-1/2"]
[WhiteElo "2293"]
[BlackElo "2489"]
[PlyCount "79"]

1. d4 Nf6 2. c4 e6 3. Nc3 Bb4 4. e3 b6 5. Nge2 c5 6. a3 Ba5 7. Rb1 Na6 8. g3
Bb7 9. d5 b5 10. Bg2 bxc4 11. O-O O-O 12. e4 exd5 13. exd5 d6 14. Qa4 Bb6 15.
Qxc4 Nc7 16. Rd1 Re8 17. Be3 Nd7 18. b4 Ba6 19. b5 Bc8 20. Qf4 Ne5 21. h3 a6
22. Na4 Ba5 23. Nxc5 Nxb5 24. Nb3 Bb6 25. a4 Bxe3 26. Qxe3 Na3 27. Rbc1 Bd7 28.
Qd4 Bxh3 29. Qb4 Bxg2 30. Kxg2 Nac4 31. Rxc4 Rb8 32. Qc3 Nxc4 33. Qxc4 Rxb3 34.
Qxb3 Rxe2 35. Qc4 Rb2 36. Qxa6 h5 37. Qc4 Qf6 38. Qd4 Qxd4 39. Rxd4 Ra2 40. Kf3
1/2-1/2